[Event "23rd Int. Tournament "]
[Site "?"]
[Date "2015.08.27"]
[Round "1.1"]
[White "Fatourou, Eleni"]
[Black "Kapnisis, Spyridon"]
[Result "0-1"]
[WhiteElo "1816"]
[BlackElo "2455"]
[PlyCount "50"]
[EventDate "2015.08.27"]
[TimeControl "120+17"]
[WhiteClock "0:00:08"]
[BlackClock "0:00:27"]

1. e4 c5 2. Nf3 e6 3. d4 cxd4 4. Nxd4 Nc6 5. Nxc6 bxc6 6. Bd3 Nf6 7. O-O d5 8.
exd5 cxd5 9. Nc3 Be7 10. Bf4 O-O 11. Nb5 Bb7 12. c4 dxc4 13. Bxc4 Qb6 14. Qe2
Rac8 15. b3 Bc5 16. Be3 a6 17. Nc3 Qc6 18. f3 Ng4 19. Bxc5 Qxc5+ 20. Kh1 Ne3
21. Na4 Qd4 22. Rfc1 Rfd8 23. Rab1 Qf4 24. Bxa6 Rxc1+ 25. Rxc1 Ng4 0-1

[Event "23rd Int. Tournament "]
[Site "?"]
[Date "2015.08.27"]
[Round "1.2"]
[White "Nikolaou, Georgios"]
[Black "Loutragotis, Dimitrios"]
[Result "1-0"]
[WhiteElo "2317"]
[BlackElo "1809"]
[PlyCount "139"]
[EventDate "2015.08.27"]
[TimeControl "120+47"]
[WhiteClock "0:00:02"]
[BlackClock "0:00:04"]

1. d4 Nf6 2. c4 g6 3. Nf3 Bg7 4. g3 d6 5. Bg2 Nbd7 6. O-O O-O 7. Nc3 c5 8. h3
h6 9. b3 Rb8 10. e4 cxd4 11. Nxd4 a6 12. Be3 Qc7 13. Rc1 e6 14. Qd2 Kh7 15.
Rfd1 b6 16. f4 Bb7 17. Nde2 Ne8 18. g4 Rg8 19. Ng3 Rd8 20. Qf2 Rb8 21. Nge2
Nef6 22. g5 Ne8 23. h4 Ba8 24. Ng3 Rh8 25. Bf3 Qb7 26. Kg2 Qc6 27. Nce2 Qb7 28.
Rd2 Qc7 29. h5 hxg5 30. hxg6+ fxg6 31. Nd4 gxf4 32. Bxf4 Bxd4 33. Qxd4 e5 34.
Rh1+ Kg7 35. Qb2 Nef6 36. Bg5 Rxh1 37. Kxh1 Nc5 38. Rh2 Ncxe4 39. Nxe4 Nxe4 40.
Bh6+ Kf7 41. Be3 Nf6 42. Bxa8 Rxa8 43. Qg2 Rb8 44. Qf3 Ke6 45. Qh3+ Kf7 46.
Qh7+ Nxh7 47. Rxh7+ Ke6 48. Rxc7 b5 49. c5 d5 50. Rc6+ Kf5 51. Kg2 d4 52. Bf2
Rd8 53. Kf1 e4 54. Rd6 Rxd6 55. cxd6 Ke6 56. Bxd4 Kxd6 57. Ke2 a5 58. Ke3 Kd5
59. Bf6 a4 60. Bd8 Ke5 61. Be7 Kd5 62. Bf6 axb3 63. axb3 Kc5 64. Bc3 Kd5 65.
Kf4 g5+ 66. Kxg5 b4 67. Bxb4 Kd4 68. Kf4 Kd3 69. Be1 Ke2 70. Kxe4 1-0

[Event "23rd Int. Tournament "]
[Site "?"]
[Date "2015.08.27"]
[Round "1.3"]
[White "Chalikias, Miltiadis"]
[Black "Kotrotsos, Vasilios"]
[Result "0-1"]
[WhiteElo "1792"]
[BlackElo "2273"]
[PlyCount "60"]
[EventDate "2015.08.27"]
[TimeControl "120+26"]
[WhiteClock "0:00:23"]
[BlackClock "0:00:37"]

1. e4 c5 2. c3 d5 3. exd5 Qxd5 4. d4 Nf6 5. Nf3 e6 6. Be2 Bd7 7. Na3 cxd4 8. c4
Qa5+ 9. Bd2 Qb6 10. Rb1 a5 11. Nb5 Bxb5 12. cxb5 Nbd7 13. Bf4 Bb4+ 14. Kf1 Nd5
15. Bg3 Bc5 16. h4 O-O 17. h5 Rfe8 18. Bc4 N5f6 19. h6 g6 20. Ng5 Bd6 21. Bxd6
Qxd6 22. Rh4 Qc5 23. Qc1 Rac8 24. b3 Nd5 25. Qd2 e5 26. Qxa5 N7b6 27. Bxd5 Nxd5
28. Ne4 Qe7 29. Rh3 f5 30. b6 Nf4 0-1

[Event "23rd Int. Tournament "]
[Site "?"]
[Date "2015.08.27"]
[Round "1.4"]
[White "Simeonidis, Ioannis"]
[Black "Karathanasis, Vlasis"]
[Result "1-0"]
[WhiteElo "2266"]
[BlackElo "1789"]
[PlyCount "133"]
[EventDate "2015.08.27"]
[TimeControl "120+14"]
[WhiteClock "0:00:05"]
[BlackClock "0:00:00"]

1. d4 Nf6 2. c4 e6 3. g3 Bb4+ 4. Nd2 d5 5. Bg2 Bd7 6. Qc2 Bc6 7. Ngf3 Nbd7 8.
O-O Bxd2 9. Bxd2 a5 10. Rac1 O-O 11. Rfd1 Ne4 12. Bf4 Rc8 13. b3 Qe7 14. Nd2 f5
15. Nf3 g5 16. Bd2 Ra8 17. Be1 h6 18. Nd2 Nxd2 19. Bxd2 Kg7 20. e3 Nf6 21. cxd5
exd5 22. Qxf5 Ne4 23. Qe5+ Qxe5 24. dxe5 Nxf2 25. Rf1 Nd3 26. Rcd1 Rxf1+ 27.
Rxf1 Rf8 28. Bxa5 Rxf1+ 29. Bxf1 Nxe5 30. Bxc7 Nf3+ 31. Kg2 Nd2 32. Bd3 Ne4 33.
Be5+ Kg6 34. Kf3 Kf5 35. Bd4 h5 36. a4 Ke6 37. Ke2 Kf5 38. Kf3 Ke6 39. Bc2 Nd2+
40. Ke2 Ne4 41. b4 Be8 42. b5 Nd6 43. Kd2 Ne4+ 44. Ke2 g4 45. Bd3 Ng5 46. a5
Kd6 47. a6 bxa6 48. bxa6 Kc7 49. a7 Kb7 50. Ba6+ Ka8 51. Bb6 Nf3 52. h4 Ne5 53.
Bc5 Bd7 54. Kd2 Nc4+ 55. Kc3 Be6 56. Kd4 Na5 57. Ke5 Bg8 58. Bb5 Kb7 59. Kf6 d4
60. exd4 Bd5 61. Kg6 Nb3 62. Kxh5 Bf3 63. Kg5 Nd2 64. Kf4 Bd5 65. Kxg4 Ne4 66.
Kf4 Nf2 67. g4 1-0

[Event "23rd Int. Tournament "]
[Site "?"]
[Date "2015.08.27"]
[Round "1.5"]
[White "Chatzieleftheriou, Andreas"]
[Black "Drakoulakos, Grigorios"]
[Result "0-1"]
[WhiteElo "1782"]
[BlackElo "2233"]
[PlyCount "84"]
[EventDate "2015.08.27"]
[TimeControl "120+26"]
[WhiteClock "0:00:54"]
[BlackClock "0:00:18"]

1. e4 c5 2. c4 Nc6 3. Nf3 g6 4. d4 cxd4 5. Nxd4 Bg7 6. Be3 Nf6 7. Nc3 d6 8. Be2
O-O 9. O-O Bd7 10. f3 Nxd4 11. Bxd4 Bc6 12. Qd2 Nd7 13. Bxg7 Kxg7 14. Qd4+ Kg8
15. Rac1 Qb6 16. Qxb6 Nxb6 17. Nd5 Bxd5 18. cxd5 Rac8 19. b3 Kg7 20. Rfe1 f5
21. h3 f4 22. Kf2 Kf6 23. Red1 Ke5 24. Ke1 g5 25. Kd2 Nd7 26. Bc4 Nf6 27. Rc2
Rc7 28. Rdc1 Rfc8 29. Be2 Rxc2+ 30. Rxc2 Rxc2+ 31. Kxc2 Kd4 32. Kd2 a6 33. Bd1
h5 34. Be2 g4 35. hxg4 hxg4 36. Bc4 gxf3 37. gxf3 Nh7 38. Bd3 Ng5 39. Be2 Nh3
40. a3 Ng1 41. Bd1 b6 42. a4 a5 0-1

[Event "23rd Int. Tournament "]
[Site "?"]
[Date "2015.08.27"]
[Round "1.6"]
[White "Karagiannis, Athanasios"]
[Black "Panagiotakos, Petros"]
[Result "1-0"]
[WhiteElo "2232"]
[BlackElo "1775"]
[PlyCount "109"]
[EventDate "2015.08.27"]
[TimeControl "120+11"]
[WhiteClock "0:01:19"]
[BlackClock "0:00:01"]

1. d4 Nf6 2. Nc3 d5 3. Bg5 e6 4. e4 dxe4 5. Nxe4 Be7 6. Bxf6 Bxf6 7. Nf3 Nd7 8.
Bd3 b6 9. Qe2 Bb7 10. O-O-O Qe7 11. Kb1 g6 12. h4 O-O-O 13. Ba6 Kb8 14. Bxb7
Kxb7 15. Nfg5 h6 16. Nxf6 Nxf6 17. Ne4 Nxe4 18. Qxe4+ Kb8 19. h5 Qf6 20. hxg6
Qxg6 21. Qxg6 fxg6 22. c3 h5 23. Rde1 Rd6 24. Re5 Rf8 25. f3 Kc8 26. Rg5 Rf6
27. Rh3 Rd5 28. Rhg3 Rxg5 29. Rxg5 Kd7 30. Kc2 Ke7 31. Kd3 Kf7 32. Ke4 Kg7 33.
a4 Kf7 34. b4 Ke7 35. c4 Kd6 36. c5+ Ke7 37. Ke5 Kf7 38. cxb6 cxb6 39. Kd6 Rf4
40. Ke5 Rf6 41. Ke4 Ke7 42. f4 Kd6 43. Rg3 a6 44. Rc3 Rf8 45. b5 axb5 46. axb5
g5 47. Rc6+ Kd7 48. g3 h4 49. fxg5 hxg3 50. Rc3 Rg8 51. Rxg3 Kd6 52. g6 Rg7 53.
Rg1 Rg8 54. g7 Ke7 55. Ke5 1-0

[Event "23rd Int. Tournament "]
[Site "?"]
[Date "2015.08.27"]
[Round "1.7"]
[White "Merasedoglou, Dimitrios - Nekt"]
[Black "Markantonaki, Haritomeni"]
[Result "1-0"]
[WhiteElo "1773"]
[BlackElo "2228"]
[PlyCount "177"]
[EventDate "2015.08.27"]
[TimeControl "120+13"]
[WhiteClock "0:00:03"]
[BlackClock "0:00:02"]

1. d4 Nf6 2. Bf4 e6 3. Nf3 b6 4. e3 Bb7 5. Bd3 c5 6. c3 Be7 7. h3 O-O 8. O-O d6
9. Nbd2 Nbd7 10. Qc2 Rc8 11. Ne4 Qc7 12. dxc5 bxc5 13. Rac1 e5 14. Bh2 c4 15.
Nxf6+ Nxf6 16. Be2 Ne4 17. Nd2 Nxd2 18. Qxd2 f5 19. Rfd1 Rf6 20. Bf3 Bxf3 21.
gxf3 Kh8 22. f4 e4 23. Qd5 Qb6 24. Rc2 Rc5 25. Qd2 Qb8 26. Qe2 Qe8 27. Rd4 Qf7
28. Bg3 Rh6 29. Kg2 d5 30. b3 cxb3 31. axb3 Rhc6 32. c4 dxc4 33. Rdxc4 Rxc4 34.
Rxc4 Rxc4 35. bxc4 h6 36. f3 exf3+ 37. Kxf3 Qh5+ 38. Kf2 Qxh3 39. Qd3 h5 40.
Qd7 Bf6 41. e4 Qg4 42. e5 Bh4 43. Bxh4 Qxh4+ 44. Kf3 Qg4+ 45. Ke3 Qg3+ 46. Ke2
Qg2+ 47. Kd3 Qf1+ 48. Kc3 Qa1+ 49. Kb4 Qb2+ 50. Kc5 Qa3+ 51. Kd5 Qa5+ 52. Ke6
Qa6+ 53. Kf7 Kh7 54. Qxf5+ g6 55. Qf6 Qxc4+ 56. e6 Qc7+ 57. e7 Qc4+ 58. Qe6
Qxf4+ 59. Ke8 Qb8+ 60. Kd7 Qb5+ 61. Qc6 Qf5+ 62. Kd8 Qg5 63. Qd7 Kh6 64. Kc8
Qc5+ 65. Kb8 Qe5+ 66. Ka8 Qe4+ 67. Qb7 Qe5 68. Qd7 Qe4+ 69. Kb8 Qe5+ 70. Kc8
Qc5+ 71. Kd8 Qg5 72. Qd4 Kh7 73. Qd7 Kh6 74. Qe6 h4 75. Qg8 Qd2+ 76. Ke8 Qe3
77. Kf8 Qc5 78. Qg7+ Kh5 79. Kg8 Qc8+ 80. Kh7 h3 81. Qxg6+ Kh4 82. e8=Q Qxe8
83. Qxe8 Kg3 84. Qe4 Kh2 85. Qg4 a5 86. Kg6 a4 87. Kf5 a3 88. Kf4 a2 89. Qg3+
1-0

[Event "23rd Int. Tournament "]
[Site "?"]
[Date "2015.08.27"]
[Round "1.8"]
[White "Tsiros, Fragkiskos Vlasios"]
[Black "Panagos, Theodoros"]
[Result "1-0"]
[WhiteElo "2216"]
[BlackElo "1773"]
[PlyCount "113"]
[EventDate "2015.08.27"]
[TimeControl "120+23"]
[WhiteClock "0:00:34"]
[BlackClock "0:00:00"]

1. Nf3 Nf6 2. c4 e6 3. g3 b6 4. Bg2 Bb7 5. O-O Be7 6. d4 O-O 7. Nc3 d5 8. cxd5
Nxd5 9. Qc2 Nd7 10. Nxd5 Bxd5 11. e4 Bb7 12. Rd1 c6 13. Bf4 a5 14. Rac1 a4 15.
d5 cxd5 16. Qc7 Qc8 17. Ne5 Rd8 18. Qxc8 Raxc8 19. Rxc8 Bxc8 20. Nc6 Re8 21.
exd5 Bf6 22. d6 Bxb2 23. Ne7+ Kf8 24. Bc6 Rxe7 25. dxe7+ Kxe7 26. Bd6+ Kf6 27.
f4 a3 28. Bxd7 Bxd7 29. Be5+ Bxe5 30. fxe5+ Ke7 31. Rd3 f6 32. exf6+ gxf6 33.
Rxa3 e5 34. Kf2 b5 35. Ra7 Kd6 36. a3 h5 37. Ke3 f5 38. Ra8 Be6 39. Rh8 Bf7 40.
Rh6+ Ke7 41. Rc6 Be8 42. Rc7+ Kd6 43. Rb7 Bd7 44. Rb8 Ke7 45. Rh8 Be8 46. h3
Bf7 47. Rh6 Be8 48. Kd3 Bf7 49. Kc3 Be8 50. Kb4 f4 51. gxf4 exf4 52. Kc3 f3 53.
Kd2 Kf7 54. Rxh5 Kg6 55. Rc5 Bd7 56. h4 Bh3 57. Ke3 1-0

[Event "23rd Int. Tournament "]
[Site "?"]
[Date "2015.08.27"]
[Round "1.9"]
[White "Malliaros, Stavros"]
[Black "Zygouris, Hristos"]
[Result "0-1"]
[WhiteElo "1773"]
[BlackElo "2210"]
[PlyCount "92"]
[EventDate "2015.08.27"]
[TimeControl "120+68"]
[WhiteClock "0:00:07"]

1. d4 f5 2. Bg5 g6 3. e3 Bg7 4. Nf3 Nf6 5. Bd3 d6 6. c4 O-O 7. Nc3 c6 8. Qb3
Kh8 9. h4 h6 10. Bf4 Ng4 11. Qc2 e5 12. dxe5 dxe5 13. Bg3 e4 14. Nxe4 fxe4 15.
Bxe4 Bf5 16. Rd1 Qa5+ 17. Kf1 Na6 18. h5 Nb4 19. Qb1 Qxa2 20. Bxf5 gxf5 21.
Qxa2 Nxa2 22. Ra1 Nb4 23. Bd6 Nc2 24. Rc1 Rfd8 25. Bc7 Rd7 26. Ba5 Ncxe3+ 27.
fxe3 Nxe3+ 28. Kf2 Ng4+ 29. Kg3 Bxb2 30. Rcd1 Rf7 31. Rhe1 Rg8 32. Rd2 Ne3+ 33.
Kh2 Nxc4 34. Rxb2 Nxa5 35. Ne5 Rc7 36. Ng6+ Kg7 37. Rf2 Rf7 38. Re6 Nb3 39. Ne7
Rgf8 40. Rg6+ Kh7 41. Re6 Nc5 42. Re3 Ne4 43. Rxf5 Rxf5 44. Nxf5 Rxf5 45. Rxe4
Rxh5+ 46. Kg3 Rb5 0-1

[Event "23rd Int. Tournament "]
[Site "?"]
[Date "2015.08.27"]
[Round "1.10"]
[White "Kordis, Konstantinos"]
[Black "Alexakis, Dimitris"]
[Result "0-1"]
[WhiteElo "2205"]
[BlackElo "1771"]
[PlyCount "76"]
[EventDate "2015.08.27"]
[TimeControl "120+22"]
[WhiteClock "0:00:02"]
[BlackClock "0:00:01"]

1. e4 c5 2. Nf3 d6 3. b3 Nc6 4. Bb5 Bd7 5. O-O a6 6. Bxc6 Bxc6 7. Qe2 e5 8. d3
g6 9. Bb2 Bg7 10. Nfd2 Ne7 11. f4 O-O 12. fxe5 dxe5 13. Nf3 Qc7 14. Nbd2 Bd7
15. Nc4 f6 16. Ne3 Be6 17. c4 b6 18. Nd5 Bxd5 19. cxd5 Nc8 20. Rac1 Qb7 21. b4
cxb4 22. d4 Qe7 23. Rc6 Nd6 24. dxe5 fxe5 25. Rfc1 Rfc8 26. Qe3 b5 27. Qc5 Rxc6
28. Qxc6 Rc8 29. Qxa6 Rxc1+ 30. Bxc1 Qc7 31. Be3 Nxe4 32. Qa8+ Bf8 33. Qe8 Nf6
34. Qe6+ Qf7 35. Qc6 Kg7 36. Bg5 Ne4 37. d6 Qa7+ 38. Kh1 Nf2+ 0-1

[Event "23rd Int. Tournament "]
[Site "?"]
[Date "2015.08.27"]
[Round "1.11"]
[White "Pasoglou, Ekaterini"]
[Black "Alexakis, Dimitrios"]
[Result "0-1"]
[WhiteElo "1769"]
[BlackElo "2197"]
[PlyCount "88"]
[EventDate "2015.08.27"]
[TimeControl "120+252"]
[WhiteClock "0:00:09"]
[BlackClock "0:00:08"]

1. e4 c5 2. Nf3 Nc6 3. Bb5 d6 4. O-O Bd7 5. c3 a6 6. Bd3 Bg4 7. Be2 Nf6 8. d3
e6 9. Re1 Be7 10. Nbd2 O-O 11. Nf1 Rc8 12. Ng3 d5 13. h3 Bxf3 14. Bxf3 dxe4 15.
dxe4 Qc7 16. Qc2 Rfd8 17. Be3 b5 18. Red1 c4 19. Rxd8+ Rxd8 20. Rd1 Nd7 21. Be2
Nc5 22. Bxc5 Bxc5 23. Rxd8+ Qxd8 24. b3 Ne5 25. bxc4 bxc4 26. Qa4 Qd2 27. Qxa6
Qe1+ 28. Kh2 Qxf2 29. Qc8+ Bf8 30. Qd8 g6 31. a4 Kg7 32. Qd1 Bc5 33. Qf1 Qe3
34. a5 Nd3 35. a6 h5 36. e5 Nxe5 37. Bxh5 gxh5 38. Nxh5+ Kf8 39. Nf4 Ke7 40.
Nh5 Bd6 41. Kh1 f5 42. Qb1 Nd7 43. Ng7 Qg3 44. Qg1 Bc5 0-1

[Event "23rd Int. Tournament "]
[Site "?"]
[Date "2015.08.27"]
[Round "1.12"]
[White "Stamos, Filippos"]
[Black "Papadopoulos, Petros"]
[Result "1-0"]
[WhiteElo "2170"]
[BlackElo "1766"]
[PlyCount "71"]
[EventDate "2015.08.27"]
[TimeControl "120+18"]
[WhiteClock "0:00:04"]
[BlackClock "0:00:02"]

1. d4 d5 2. c4 c6 3. Nf3 Nf6 4. Nc3 a6 5. g3 Bg4 6. Ne5 Bh5 7. Qb3 Ra7 8. Bg2
e6 9. O-O Nbd7 10. e4 dxe4 11. Nxe4 Nxe4 12. Bxe4 Nxe5 13. dxe5 Bc5 14. Be3
Bxe3 15. Qxe3 Ra8 16. f3 Qc7 17. Rad1 Rd8 18. c5 Rxd1 19. Rxd1 Bg6 20. Bxg6
hxg6 21. Rd6 O-O 22. Kf2 Rb8 23. Qd4 Qa5 24. a3 Qb5 25. Rd7 Qb3 26. g4 Qc2+ 27.
Kg3 Qe2 28. f4 g5 29. fxg5 Qe1+ 30. Kf3 Qh1+ 31. Ke3 Qxh2 32. Kd3 Qg3+ 33. Kc2
Qh4 34. Rd8+ Rxd8 35. Qxd8+ Kh7 36. g6+ 1-0

[Event "23rd Int. Tournament "]
[Site "?"]
[Date "2015.08.27"]
[Round "1.13"]
[White "Pessiridis, Isaak"]
[Black "Grigoriadis, Alexandros"]
[Result "0-1"]
[WhiteElo "1763"]
[BlackElo "2153"]
[PlyCount "100"]
[EventDate "2015.08.27"]

1. e4 c5 2. Nf3 e6 3. d4 cxd4 4. Nxd4 Nf6 5. Nc3 d6 6. Be2 Be7 7. O-O O-O 8.
Be3 Nc6 9. f4 Bd7 10. Kh1 Nxd4 11. Qxd4 Bc6 12. Rad1 Qc7 13. f5 e5 14. Qd3 Rfd8
15. Nd5 Bxd5 16. exd5 e4 17. Qd2 Re8 18. Bd4 Nd7 19. Bb5 a6 20. Bxd7 Qxd7 21.
Qf4 Qd8 22. Qxe4 Bf6 23. Qg4 Rc8 24. c3 Qe7 25. Qg3 Bxd4 26. Rxd4 Qf6 27. Qf4
Re2 28. Rd2 Rce8 29. Rxe2 Rxe2 30. Qc4 Re8 31. h3 h5 32. a4 Kh7 33. Qc7 Re7 34.
Qb6 Qe5 35. c4 Qg3 36. Qf2 Qxf2 37. Rxf2 Re4 38. b3 Kh6 39. Kh2 Kg5 40. g3 a5
41. Kg2 Kf6 42. Rf3 Ke5 43. Kf2 b6 44. Kg2 f6 45. Kf2 Kd4 46. h4 Re5 47. Rf4+
Kc3 48. Rf3+ Kd2 49. Kf1 Re3 50. Rf2+ Kc3 0-1

[Event "23rd Int. Tournament "]
[Site "?"]
[Date "2015.08.27"]
[Round "1.14"]
[White "Gazis, Efstathios"]
[Black "Panopoulos, Ioannis"]
[Result "1-0"]
[WhiteElo "2146"]
[BlackElo "1763"]
[PlyCount "167"]
[EventDate "2015.08.27"]

1. e4 c5 2. Nf3 d6 3. d4 cxd4 4. Nxd4 Nf6 5. f3 Nc6 6. c4 e6 7. Nc3 Be7 8. Be3
a6 9. Qd2 Bd7 10. Be2 Rc8 11. O-O O-O 12. Rac1 Ne5 13. b3 Kh8 14. Kh1 Qa5 15.
Rfd1 Rfd8 16. Bf1 Ng6 17. Be2 Ne5 18. Qe1 Rb8 19. a4 Be8 20. Bf1 Rbc8 21. Rb1
Qc7 22. Rdc1 b6 23. Qf2 Qb7 24. Nc2 Nfd7 25. Be2 Nc5 26. Qf1 Bf6 27. Nd4 Nc6
28. Qd1 Nb4 29. Qf1 Qc7 30. Rd1 Qb7 31. Rd2 Qc7 32. Na2 Nxa2 33. Rxa2 a5 34.
Rd2 Qe7 35. Qf2 Be5 36. Bf1 Qf6 37. Ne2 Bc6 38. Bd4 Bxe4 39. fxe4 Qxf2 40. Bxf2
Nxe4 41. Be3 Nxd2 42. Bxd2 d5 43. cxd5 Rxd5 44. Be3 b5 45. axb5 Rxb5 46. Nc1
Rd5 47. Nd3 Bd4 48. Bd2 Rc2 49. Be1 e5 50. b4 a4 51. b5 a3 52. Nb4 Rb2 53. Ra1
Rd8 54. Rxa3 Rb1 55. Nc2 Bf2 56. Bxf2 Rxf1+ 57. Bg1 g6 58. Ra1 Rxa1 59. Nxa1
Rd5 60. b6 Rb5 61. Nc2 Rb3 62. g3 f5 63. Bc5 Rb5 64. Na3 Rb3 65. Nc4 Kg7 66.
Na5 Rb1+ 67. Kg2 Rb2+ 68. Kh3 g5 69. g4 f4 70. b7 Kf7 71. Ba7 Kg6 72. b8=Q Rxb8
73. Bxb8 e4 74. Nb3 h5 75. Be5 e3 76. Nd4 Kh6 77. Nf5+ Kg6 78. Bc3 h4 79. Kg2
Kh7 80. h3 Kg6 81. Kf1 Kh7 82. Ke2 Kg6 83. Kd3 Kh7 84. Bf6 1-0

[Event "23rd Int. Tournament "]
[Site "?"]
[Date "2015.08.27"]
[Round "1.15"]
[White "Kapagiannidis, Konstantinos"]
[Black "Poulopoulos, Ioannis"]
[Result "0-1"]
[WhiteElo "1748"]
[BlackElo "2133"]
[PlyCount "94"]
[EventDate "2015.08.27"]

1. d4 Nf6 2. c4 e6 3. Nf3 Bb4+ 4. Bd2 Qe7 5. a3 Bxd2+ 6. Nbxd2 d6 7. e4 e5 8.
d5 Nbd7 9. b4 Nf8 10. g3 Ng6 11. Bg2 O-O 12. O-O h6 13. Qc2 Nh7 14. Rac1 f5 15.
c5 f4 16. cxd6 cxd6 17. Qc7 Qf6 18. Nc4 Rd8 19. Ncd2 Rd7 20. Qc3 Rf7 21. Qd3
Bg4 22. Rc3 Raf8 23. Qc2 Ng5 24. Nxg5 Qxg5 25. Nf3 Qh5 26. Qb3 Bh3 27. Ne1 Bxg2
28. Nxg2 f3 29. Ne1 Nf4 30. gxf4 Rxf4 31. Nxf3 Rxf3 32. Rxf3 Rxf3 33. Qc2 Kh7
34. Kh1 Rxa3 35. f4 Qh3 36. Rg1 Qf3+ 37. Qg2 exf4 38. Qxf3 Rxf3 39. e5 dxe5 40.
Rd1 Rc3 41. d6 Rc8 42. Kg2 Kg6 43. Kf3 Kf5 44. Rd5 Ke6 45. Ke4 Rc4+ 46. Kd3
Kxd5 47. d7 Rd4+ 0-1

[Event "23rd Int. Tournament "]
[Site "?"]
[Date "2015.08.27"]
[Round "1.16"]
[White "Pountzas, Hrisanthos"]
[Black "Mouratidis, Haralambos"]
[Result "1-0"]
[WhiteElo "2128"]
[BlackElo "1744"]
[PlyCount "71"]
[EventDate "2015.08.27"]

1. c4 e6 2. Nf3 Nf6 3. g3 d5 4. Bg2 Nbd7 5. O-O Be7 6. b3 O-O 7. Bb2 c6 8. Nc3
Re8 9. Qc2 e5 10. cxd5 cxd5 11. Nb5 Bc5 12. d4 exd4 13. Nbxd4 Qe7 14. e3 Nf8
15. Nf5 Bxf5 16. Qxf5 Qe6 17. Qd3 Rad8 18. Rac1 Ne4 19. Nd4 Qb6 20. Rfd1 Bxd4
21. Qxd4 Qxd4 22. Bxd4 Ne6 23. Bb2 f5 24. Rd3 Rd7 25. Rcd1 Red8 26. g4 g6 27.
gxf5 gxf5 28. Bh3 N6c5 29. Rd4 Ne6 30. Rb4 Rf8 31. Kf1 N6g5 32. Bg2 f4 33. Bxe4
Nxe4 34. Rxe4 Rdf7 35. Rxd5 fxe3 36. Rg5+ 1-0

[Event "23rd Int. Tournament "]
[Site "?"]
[Date "2015.08.27"]
[Round "1.17"]
[White "Katsivardas, Eleftherios"]
[Black "Kouskoutis, Georgios-Alexandro"]
[Result "1/2-1/2"]
[WhiteElo "1735"]
[BlackElo "2128"]
[PlyCount "152"]
[EventDate "2015.08.27"]

1. d4 Nf6 2. Bf4 e6 3. e3 c5 4. Nd2 b6 5. Bd3 Bb7 6. Ngf3 cxd4 7. exd4 d6 8. c3
Be7 9. h3 O-O 10. O-O Nbd7 11. Qe2 Re8 12. Rad1 Bf8 13. Bb1 Qc7 14. Rfe1 Rad8
15. Bh2 a6 16. Ng5 b5 17. Qd3 g6 18. a3 Qc6 19. f3 Bg7 20. Nde4 Nb6 21. Nxf6+
Bxf6 22. Ne4 Bg7 23. Ba2 h6 24. Bg3 Kh7 25. Bh4 Rc8 26. Nf6+ Bxf6 27. Bxf6 Qc7
28. Bb1 Bd5 29. Rd2 Bc4 30. Qc2 a5 31. Re4 Nd5 32. Bh4 f5 33. Re1 b4 34. cxb4
axb4 35. axb4 Nxb4 36. Qa4 Qb7 37. Qa3 Ra8 38. Qc3 Bd5 39. Bg3 Rec8 40. Qe3 Rc6
41. Bf4 Qg7 42. h4 Bc4 43. Bh2 Nd5 44. Qxe6 Nf6 45. Qe7 Qxe7 46. Rxe7+ Kg8 47.
Kf2 Rb6 48. Rc7 d5 49. Be5 Ne8 50. Re7 Kf8 51. Rh7 Ra1 52. Bd3 Bxd3 53. Rxd3
Rxb2+ 54. Kg3 Raa2 55. Rxh6 Rxg2+ 56. Kf4 Ra6 57. Rh8+ Kf7 58. Rb3 Nf6 59. Rb7+
Ke6 60. Bxf6 Kxf6 61. Rf8+ Ke6 62. Rbf7 Ra4 63. Rf6+ Ke7 64. R8f7+ Ke8 65. Ke5
Re2+ 66. Kxd5 Ra5+ 67. Kc4 Ra4+ 68. Kd3 Re1 69. Rg7 Rd1+ 70. Ke3 Raxd4 71. f4
Re4+ 72. Kf3 Rf1+ 73. Kg2 Rexf4 74. Rgxg6 R4f2+ 75. Kh3 Rf3+ 76. Kg2 R3f2+
1/2-1/2

[Event "23rd Int. Tournament "]
[Site "?"]
[Date "2015.08.27"]
[Round "1.18"]
[White "Pandelidis, Ioannis"]
[Black "Ntountaniotis, Dimitrios"]
[Result "1-0"]
[WhiteElo "2114"]
[BlackElo "1722"]
[PlyCount "47"]
[EventDate "2015.08.27"]

1. d4 f5 2. Nf3 Nf6 3. Bf4 g6 4. e3 Bg7 5. Bc4 d5 6. Bb3 O-O 7. c4 e6 8. Nc3 c6
9. O-O Nbd7 10. Qe2 Re8 11. h3 Qe7 12. Rac1 Kh8 13. Bh2 Ne4 14. Rfd1 Bf6 15.
Bc2 Nd6 16. Bd3 Nf7 17. a3 dxc4 18. Bxc4 Nb6 19. Ba2 Bd7 20. Ne5 Rad8 21. f4
Nd6 22. g4 Qg7 23. g5 Be7 24. h4 1-0

[Event "23rd Int. Tournament "]
[Site "?"]
[Date "2015.08.27"]
[Round "1.19"]
[White "Karagiannis, Georgios"]
[Black "Delithanasis, Dimitrios"]
[Result "0-1"]
[WhiteElo "1719"]
[BlackElo "2105"]
[PlyCount "68"]
[EventDate "2015.08.27"]

1. e4 e5 2. Nf3 Nc6 3. Bb5 g6 4. c3 a6 5. Ba4 d6 6. O-O Bg7 7. d3 Nge7 8. Re1
O-O 9. Bb3 h6 10. Nbd2 Kh7 11. Nf1 f5 12. Ne3 f4 13. Nd5 Bg4 14. h3 Bh5 15. a4
Ng8 16. Ba2 Qd7 17. b4 Nd8 18. Bb2 Ne6 19. h4 Rae8 20. Bb1 Qd8 21. b5 c6 22.
bxc6 bxc6 23. Nb4 a5 24. Nc2 Bxf3 25. Qxf3 Qxh4 26. Qh3 Qe7 27. Bc1 Nf6 28. d4
Ng5 29. Qh4 Nfxe4 30. Qh2 Qd7 31. Na3 Nxc3 32. dxe5 Rxe5 33. Rxe5 dxe5 34. Bc2
Qg4 0-1

[Event "23rd Int. Tournament "]
[Site "?"]
[Date "2015.08.27"]
[Round "1.20"]
[White "Grigoriadis, Mihail"]
[Black "Nteoudis, Konstantinos"]
[Result "0-1"]
[WhiteElo "2099"]
[BlackElo "1717"]
[PlyCount "56"]
[EventDate "2015.08.27"]

1. e4 c5 2. Nf3 e6 3. d4 cxd4 4. Nxd4 Nc6 5. Nc3 a6 6. Nxc6 bxc6 7. Bd3 d5 8.
O-O Nf6 9. Qe2 Be7 10. b3 d4 11. Na4 e5 12. f4 exf4 13. Bxf4 O-O 14. Rae1 Bg4
15. Qf2 Nh5 16. Be5 Bh4 17. g3 Bf6 18. Bxf6 Qxf6 19. e5 Qxf2+ 20. Rxf2 g6 21.
Re4 Bh3 22. Rh4 Be6 23. Rxd4 Rfe8 24. Nc5 Bh3 25. Bc4 Rxe5 26. Rxf7 Kh8 27. Nd3
Re2 28. Nf2 Re1+ 0-1

[Event "23rd Int. Tournament "]
[Site "?"]
[Date "2015.08.27"]
[Round "1.1"]
[White "Vesdekis, Konstantinos"]
[Black "Agriopoulos, Konstantinos"]
[Result "0-1"]
[WhiteElo "1103"]
[BlackElo "1693"]
[PlyCount "46"]
[EventDate "2015.08.27"]

1. d4 f5 2. Bf4 Nf6 3. e3 e6 4. Nd2 d5 5. Ngf3 c6 6. c3 Bd6 7. Bg5 h6 8. Bxf6
Qxf6 9. Bd3 O-O 10. Qe2 a5 11. c4 a4 12. O-O a3 13. Rab1 Nd7 14. b4 e5 15. dxe5
Bxe5 16. Nd4 Bxd4 17. exd4 Qxd4 18. Qe6+ Kh8 19. Bxf5 Nb6 20. Qg6 Bxf5 21. Qg3
Bxb1 22. Nxb1 Nxc4 23. Re1 Rae8 0-1

[Event "23rd Int. Tournament "]
[Site "?"]
[Date "2015.08.27"]
[Round "1.2"]
[White "Katsiampas, Efthymios"]
[Black "Fragoulis, Loukas"]
[Result "1-0"]
[WhiteElo "1586"]
[BlackElo "1102"]
[PlyCount "91"]
[EventDate "2015.08.27"]

1. e4 e6 2. d4 d5 3. Nc3 Bb4 4. Bd3 c5 5. exd5 exd5 6. dxc5 Bxc5 7. Nxd5 Ne7 8.
Nxe7 Qxe7+ 9. Qe2 Qxe2+ 10. Nxe2 O-O 11. O-O Nc6 12. Bd2 Bg4 13. h3 Bxe2 14.
Bxe2 Nd4 15. Bd3 Rfe8 16. Rfe1 Kf8 17. Bxh7 Rac8 18. Bd3 Bd6 19. Bc3 Nc6 20.
Rad1 Rxe1+ 21. Rxe1 Re8 22. Rxe8+ Kxe8 23. Bxg7 Nb4 24. a3 Nxd3 25. cxd3 Kd7
26. Kf1 Ke6 27. Bc3 Be5 28. Bxe5 Kxe5 29. Ke2 Kd4 30. h4 Ke5 31. Ke3 Kf6 32.
Kf4 Kg6 33. g4 Kh6 34. d4 Kg7 35. Kf5 Kf8 36. d5 Ke7 37. h5 Kd6 38. h6 Kxd5 39.
h7 Kc4 40. h8=Q Kb3 41. Qc3+ Ka2 42. Ke4 Ka1 43. Kd3 Ka2 44. Kc2 Ka1 45. b4+
Ka2 46. Qb2# 1-0

[Event "23rd Int. Tournament "]
[Site "?"]
[Date "2015.08.27"]
[Round "1.3"]
[White "Kartsidima, Aikaterini"]
[Black "Gkavalias, Dimitrios"]
[Result "0-1"]
[WhiteElo "1100"]
[BlackElo "1498"]
[PlyCount "124"]
[EventDate "2015.08.27"]

1. e4 c5 2. Nf3 d6 3. d4 cxd4 4. Nxd4 Nf6 5. Nc3 a6 6. Bd3 e6 7. O-O Be7 8. Re1
O-O 9. h3 b5 10. e5 dxe5 11. Rxe5 Bb7 12. Nf3 Nbd7 13. Re1 Qc7 14. Bd2 Rfd8 15.
Ne4 Nxe4 16. Bxe4 Nf6 17. Bxb7 Qxb7 18. Qe2 Rd5 19. Rad1 Rad8 20. Bf4 Qd7 21.
Ne5 Qc8 22. c3 Rxd1 23. Rxd1 Nd5 24. Bg3 f6 25. Nf3 e5 26. Qe4 Nb6 27. Rxd8+
Qxd8 28. Qb7 a5 29. Qa6 b4 30. Qxa5 bxc3 31. Qxc3 Kf8 32. Nd2 Na4 33. Qc2 Qd7
34. f3 Bc5+ 35. Bf2 Bxf2+ 36. Kxf2 Qd4+ 37. Kf1 Nxb2 38. Nb3 Qd1+ 39. Qxd1 Nxd1
40. Ke1 Nc3 41. a3 Ke7 42. Kf2 Ke6 43. Ke3 f5 44. g4 g6 45. g5 Nd5+ 46. Kd3
Nf4+ 47. Kc4 Kd6 48. h4 Kc6 49. Nc1 Ng2 50. Ne2 Nxh4 51. f4 e4 52. Kd4 Kb5 53.
Ke5 Ka4 54. Kf6 Kxa3 55. Kg7 Kb2 56. Kxh7 Kc2 57. Kg7 Kd2 58. Ng1 Ke3 59. Nh3
Kf3 60. Kf6 e3 61. Ng1+ Kf2 62. Nh3+ Kf1 0-1